Bioremediácia sedimentov kontaminovaných polychlórovanými bifenylmi diplomová práce

Saved in:
Bibliographic Details
Main Author: Škarba, Juraj
Format: Book
Language:Slovak
Published: Bratislava STU FCHPT 2014
Online Access:View in OPAC
Tags: Add Tag
No Tags, Be the first to tag this record!

MARC

LEADER 00000nam a2200000 a 4500
005 20260127134113.0
008 140626 2014 000 0 slo d
035 |a vtls010606734 
039 9 |y 201406261214  |z mschk03 
040 |a STUSCHK1  |b slo  |c STUSCHK1  |e AACR2 
100 1 |a Škarba, Juraj 
245 1 |a Bioremediácia sedimentov kontaminovaných polychlórovanými bifenylmi  |b diplomová práce  |c 2014 
260 |a Bratislava  |b STU FCHPT  |c 2014 
300 |a 70 s.  |b Obr.,tab.  |c 30 cm 
500 |a Obhájené: 10.6.2014 
500 |a Štud. program: biotechnológia 
500 |a Štud. odbor: biotechnológie 
500 |a Škol. pracovisko: Odd. biochemickej technológie 
500 |a Evid. číslo: FCHPT-5421-69428 
910 |a SCHK95 
999 |c 4175  |d 4175